01381nam a2200373 i 4500001000700000003000700007005001700014008004100031016003100072017005000103020001500153035002100168040003900189080002300228100004400251240002500295245007400320246003300394260003400427300002100461336002200482337003000504338002400534490003300558594003100591594001200622655003500634700003900669830004100708852008700749942001800836999001900854952013400873195279SpMaBN20250318063120.0230316s2004 sp | ||| ||spa 7 abimoBNE200500627162SpMaBN aM 29719-2004bOficina Depósito Legal Madrid a8496246841 a(OCoLC)433328538 aSpMaBNbspacSpMaBNerdcdES-MaACL a821.111(73)-31"19" aThompson, Jim, d1906-19779236834eaut10aPop. 1280lEspañol10a1.280 almas / cJim Thompson ; [traducción, Antonio Prometeo Moya].3 aMil doscientas ochenta almas aMadrid :bEl País,c[2004]. a205 p. :c20 cm. 2rdacontentatexto 2rdamediaasin mediación 2rdacarrieravolumen1 aEl País, serie negra ;v23 aTraducción de: Pop. 1280 a"1.alm" 72tgfbne9226784aNovelas negras0 983949aMoya, Antonio-Prometeoetrl3 9236835aEl País, serie negra ;v23 aES-MaACLcDEPOJjN-8912xEncuadernación rústicahDonación: Editorial9204791 cMONOGRAFIAn0 c195279d195279 00102udc4070aATENEOMbATENEOMcDEPOJd2025-03-16eDONACIONl0oN-8912p101229637r2025-03-16 00:00:00w2025-03-16yMONOGRAFIA